| 000 | 00426nam a22001697a 4500 | ||
|---|---|---|---|
| 003 | NUST - PNEC | ||
| 005 | 20170116181057.0 | ||
| 008 | 151001b xxu||||| |||| 00| 0 eng d | ||
| 020 | _a0273030116 | ||
| 040 | _cLIBRARY | ||
| 082 | _a621.38195 DAN | ||
| 100 |
_912129 _aDaniels, Alan |
||
| 245 |
_aBasic system analysis _cAlan Daniels |
||
| 260 | _cc.1988 | ||
| 650 |
_912131 _aBasic system analysis _xMIS |
||
| 942 |
_2ddc _cBK |
||
| 999 |
_c68602 _d68602 |
||